[Event "WchT Seniors 65"]
[Site "Struga"]
[Date "2023.09.22"]
[Round "4.1"]
[White "Prakken, Gerrit"]
[Black "Legky, Nikolay A"]
[Result "1-0"]
[WhiteElo "2177"]
[BlackElo "2357"]
[PlyCount "69"]
[EventDate "2023.09.19"]
[EventType "team-swiss"]
[EventRounds "9"]
[EventCountry "MKD"]
[SourceTitle "CBM 216 Extra"]
[Source "ChessBase"]
[SourceDate "2023.11.30"]
[SourceVersion "1"]
[SourceVersionDate "2023.11.30"]
[SourceQuality "1"]
[WhiteTeam "Netherlands Orange 65"]
[BlackTeam "France 65"]
[WhiteTeamCountry "NED"]
[BlackTeamCountry "FRA"]

1. d4 Nf6 2. Nf3 e6 3. c4 d5 4. g3 Ne4 5. Bg2 Be7 6. Nc3 f5 7. 0-0 0-0 8. Bf4 c6 9. Qc2 Nd7 10. Rad1 Ndf6 11. Ne5 Nd6 12. b3 Bd7 13. Na4 b6 14. Nb2 Rc8 15. Nbd3 Be8 16. Qb2 Nf7 17. b4 Nxe5 18. Nxe5 Bh5 19. Rc1 Nd7 20. b5 Nxe5 21. Bxe5 Be8 22. bxc6 Bxc6 23. cxd5 Bxd5 24. Rxc8 Qxc8 25. Bxd5 exd5 26. Rc1 Qe6 27. Rc7 Bf6 28. Rxa7 Bxe5 29. dxe5 f4 30. Qd4 fxg3 31. hxg3 Re8 32. e3 Qxe5 33. Qxb6 Rc8 34. Ra4 Qh5 35. Qe6+ 1-0

[Event "Bodensee op"]
[Site "Bregenz"]
[Date "2017.05.27"]
[Round "8"]
[White "Prakken, Gerrit"]
[Black "Bezemer, Arno J"]
[Result "0-1"]
[WhiteElo "2167"]
[BlackElo "2280"]
[PlyCount "72"]
[EventDate "2017.05.20"]
[EventType "swiss"]
[EventRounds "9"]
[EventCountry "AUT"]
[SourceTitle "CBM 178 Extra"]
[Source "ChessBase"]
[SourceDate "2017.06.22"]
[SourceVersion "1"]
[SourceVersionDate "2017.06.22"]
[SourceQuality "1"]

1. d4 Nf6 2. Nf3 d5 3. c4 e6 4. g3 dxc4 5. Bg2 Nc6 6. 0-0 Rb8 7. e3 Be7 8. Nfd2 e5 9. Bxc6+ bxc6 10. dxe5 Ng4 11. Nxc4 Qxd1 12. Rxd1 Ba6 13. Nbd2 Rd8 14. b3 Bxc4 15. bxc4 Nxe5 16. Kf1 Nxc4 17. Ke2 Nb6 18. Bb2 Na4 19. Nc4 Rd5 20. Rac1 0-0 21. e4 Nxb2 22. Nxb2 Ra5 23. Rxc6 Rxa2 24. Rd2 Bb4 25. Rdc2 Re8 26. Kd3 Ra3+ 27. Kd4 Rd8+ 28. Kc4 Bd6 29. f4 Rb8 30. Nd3 Ra4+ 31. Kc3 Rxe4 32. Ra2 h5 33. Nc5 Re1 34. Kd2 Rbe8 35. Rxa7 R8e2+ 36. Kd3 Rxh2 0-1

[Event "Bodensee op"]
[Site "Bregenz"]
[Date "2017.05.25"]
[Round "6"]
[White "Prakken, Gerrit"]
[Black "Welling, Gerard J"]
[Result "1/2-1/2"]
[WhiteElo "2167"]
[BlackElo "2307"]
[PlyCount "49"]
[EventDate "2017.05.20"]
[EventType "swiss"]
[EventRounds "9"]
[EventCountry "AUT"]
[SourceTitle "CBM 178 Extra"]
[Source "ChessBase"]
[SourceDate "2017.06.22"]
[SourceVersion "1"]
[SourceVersionDate "2017.06.22"]
[SourceQuality "1"]

1. d4 c6 2. c4 b5 3. cxb5 cxb5 4. e4 Bb7 5. Nf3 Bxe4 6. Nc3 Bb7 7. Bxb5 Nf6 8. 0-0 e6 9. Bc4 Qc8 10. Bb3 Na6 11. Bf4 Bb4 12. Rc1 Qd8 13. Nb5 0-0 14. a3 Be7 15. Nd6 Bd5 16. Bxd5 Nxd5 17. Bg3 Qb6 18. Nc4 Qb5 19. b4 Rfc8 20. Qb3 f6 21. h3 Rc6 22. Na5 Rcc8 23. Nc4 Rc6 24. Na5 Rcc8 25. Nc4 1/2-1/2

[Event "Hasselbacken op"]
[Site "Stockholm"]
[Date "2016.05.08"]
[Round "9"]
[White "Koepke, Elena"]
[Black "Prakken, Gerrit"]
[Result "1/2-1/2"]
[WhiteElo "2336"]
[BlackElo "2184"]
[PlyCount "82"]
[EventDate "2016.04.30"]
[EventType "swiss"]
[EventRounds "9"]
[EventCountry "SWE"]
[SourceTitle "CBM 172 Extra"]
[Source "ChessBase"]
[SourceDate "2016.06.21"]
[SourceVersion "1"]
[SourceVersionDate "2016.06.21"]
[SourceQuality "1"]

1. e4 e5 2. Nc3 Nf6 3. g3 d5 4. exd5 Nxd5 5. Bg2 Nxc3 6. bxc3 Nc6 7. Nf3 Bc5 8. 0-0 0-0 9. Re1 Qf6 10. d3 Bg4 11. h3 Bh5 12. Rb1 Bb6 13. Qe2 h6 14. g4 Bg6 15. g5 hxg5 16. Nxg5 Rfe8 17. h4 Qd6 18. h5 Bf5 19. Qf3 Qd7 20. Qg3 f6 21. Ne4 Rf8 22. Ba3 Rf7 23. Nc5 Bxc5 24. Bxc5 b6 25. Ba3 Re8 26. Qh4 Be6 27. Kh2 Ne7 28. Bxe7 Rexe7 29. Rg1 Bd5 30. Bxd5 Qxd5 31. c4 Qd6 32. Rg3 e4 33. dxe4 Qc5 34. Rg4 Re5 35. Kg2 Rxh5 36. Qg3 Qxc4 37. Rd1 Rg5 38. Rd8+ Rf8 39. Rd7 Rf7 40. Rd8+ Rf8 41. Rd7 Rf7 1/2-1/2

[Event "Guernsey op"]
[Site "Guernsey"]
[Date "2013.10.26"]
[Round "7"]
[White "Houska, Jovanka"]
[Black "Prakken, Gerrit"]
[Result "1-0"]
[WhiteElo "2401"]
[BlackElo "2195"]
[PlyCount "101"]
[EventDate "2013.10.20"]
[EventType "swiss"]
[EventRounds "7"]
[EventCountry "GCI"]
[SourceTitle "CBM 157 Extra"]
[Source "ChessBase"]
[SourceDate "2013.12.19"]
[SourceVersion "1"]
[SourceVersionDate "2013.12.19"]
[SourceQuality "1"]

1. d4 d5 2. Nf3 c6 3. Bf4 Bf5 4. e3 e6 5. Nbd2 h6 6. c4 Nf6 7. Be2 Nbd7 8. h3 Be7 9. 0-0 0-0 10. Qb3 Qc8 11. Rac1 Ne4 12. Nxe4 Bxe4 13. Ne1 dxc4 14. Qxc4 Nb6 15. Qb3 Nd5 16. Bh2 a5 17. a3 a4 18. Qd1 b6 19. Nd3 Qb7 20. Qd2 Rfd8 21. f3 Bg5 22. Nf4 Bh7 23. Nxd5 exd5 24. Be5 Be7 25. Bb5 Rdc8 26. Bd3 Bxd3 27. Qxd3 Qd7 28. Rfd1 Bf8 29. Bg3 Qe6 30. e4 c5 31. dxc5 Bxc5+ 32. Kh2 dxe4 33. fxe4 Rd8 34. Qxd8+ Rxd8 35. Rxd8+ Kh7 36. Re1 h5 37. Rd5 g6 38. h4 Be7 39. Rf1 Kg8 40. Re5 Qd7 41. Rf3 Bc5 42. Rd5 Qe6 43. Rd8+ Kg7 44. e5 Qc4 45. Rd7 Kg8 46. Rf6 Qg4 47. Rdxf7 Bg1+ 48. Kxg1 Qxg3 49. Rf8+ Kg7 50. R6f7+ Kh6 51. Rh8# 1-0

[Event "Guernsey op"]
[Site "Guernsey"]
[Date "2013.10.25"]
[Round "6"]
[White "Prakken, Gerrit"]
[Black "Hamperl, Fred A"]
[Result "1/2-1/2"]
[WhiteElo "2195"]
[BlackElo "2129"]
[PlyCount "80"]
[EventDate "2013.10.20"]
[EventType "swiss"]
[EventRounds "7"]
[EventCountry "GCI"]
[SourceTitle "CBM 157 Extra"]
[Source "ChessBase"]
[SourceDate "2013.12.19"]
[SourceVersion "1"]
[SourceVersionDate "2013.12.19"]
[SourceQuality "1"]

1. Nf3 c5 2. c4 g6 3. d4 Bg7 4. Nc3 d6 5. e3 Nh6 6. Be2 0-0 7. 0-0 f5 8. d5 Nf7 9. Bd2 Nd7 10. Rb1 Nde5 11. b4 Nxf3+ 12. Bxf3 b6 13. Be2 e5 14. dxe6 Bxe6 15. Nd5 Bxd5 16. cxd5 Qe7 17. f4 Rac8 18. Qb3 cxb4 19. Bxb4 Bc3 20. Rf3 Bxb4 21. Qxb4 Rc2 22. Rb2 Rfc8 23. Bf1 Rxb2 24. Qxb2 Qe4 25. Qd4 Rc5 26. Qxe4 fxe4 27. Rf2 Rxd5 28. Rb2 Kf8 29. Rb4 Rd2 30. Rxe4 Rxa2 31. Bb5 Nh6 32. h3 Nf5 33. g4 Ne7 34. Rd4 d5 35. e4 dxe4 36. Rd8+ Kg7 37. Rd7 Kf8 38. Rd8+ Kg7 39. Rd7 Kf8 40. Rd8+ Kg7 1/2-1/2

[Event "Guernsey op"]
[Site "Guernsey"]
[Date "2013.10.20"]
[Round "1"]
[White "Hawkins, James Nick"]
[Black "Prakken, Gerrit"]
[Result "0-1"]
[WhiteElo "1981"]
[BlackElo "2195"]
[PlyCount "90"]
[EventDate "2013.10.20"]
[EventType "swiss"]
[EventRounds "7"]
[EventCountry "GCI"]
[SourceTitle "CBM 157 Extra"]
[Source "ChessBase"]
[SourceDate "2013.12.19"]
[SourceVersion "1"]
[SourceVersionDate "2013.12.19"]
[SourceQuality "1"]

1. e4 e5 2. Nf3 Nc6 3. Nc3 Nf6 4. d4 exd4 5. Nxd4 Bc5 6. Be3 Bb6 7. Be2 0-0 8. Nxc6 bxc6 9. Bxb6 axb6 10. 0-0 d6 11. Bd3 Ng4 12. Be2 Qh4 13. h3 Nh6 14. f4 f5 15. Qe1 Qf6 16. Bd3 Bd7 17. Qf2 Kh8 18. Rae1 Rae8 19. exf5 Nxf5 20. g4 Ne7 21. Kh2 Ng6 22. Bxg6 Qxg6 23. f5 Qf6 24. Rxe8 Rxe8 25. Re1 Rxe1 26. Qxe1 h5 27. Kg3 h4+ 28. Kh2 d5 29. Kg1 Kg8 30. Nd1 Qd4+ 31. Nf2 Kf8 32. c3 Qf6 33. Nd3 c5 34. Ne5 Be8 35. Nf3 g5 36. Qd2 Qd6 37. Nxg5 Qg3+ 38. Kh1 d4 39. Nh7+ Kf7 40. Ng5+ Kg8 41. Qg2 Qe1+ 42. Kh2 Qe5+ 43. Kg1 Qe3+ 44. Qf2 Qxg5 45. cxd4 Qc1+ 0-1

[Event "Fagernes Norsk op"]
[Site "Fagernes"]
[Date "2012.05.03"]
[Round "7"]
[White "Sadiku, Bedri"]
[Black "Prakken, Gerrit"]
[Result "1/2-1/2"]
[WhiteElo "2277"]
[BlackElo "2219"]
[PlyCount "61"]
[EventDate "2012.04.28"]
[EventType "swiss"]
[EventRounds "9"]
[EventCountry "NOR"]
[SourceTitle "CBM 148 Extra"]
[Source "ChessBase"]
[SourceDate "2012.06.22"]
[SourceVersion "1"]
[SourceVersionDate "2012.06.22"]
[SourceQuality "1"]

1. e4 e5 2. d3 Nf6 3. h3 d5 4. Nd2 Nc6 5. c3 g6 6. Ngf3 Bg7 7. g3 0-0 8. Bg2 a5 9. 0-0 a4 10. Re1 Re8 11. Qc2 h6 12. Rb1 b6 13. Bf1 Bb7 14. b4 axb3 15. axb3 Nb8 16. b4 Nbd7 17. exd5 Nxd5 18. c4 Ne7 19. Bb2 Nf5 20. Bg2 Ra7 21. Ra1 Qa8 22. Rxa7 Qxa7 23. d4 Qa8 24. Ra1 Qb8 25. dxe5 Nxe5 26. Nxe5 Bxg2 27. Kxg2 Bxe5 28. Bxe5 Rxe5 29. Qd3 Qe8 30. Nf3 Re2 31. Kf1 1/2-1/2

[Event "Otranto op 1st"]
[Site "Otranto"]
[Date "2011.05.27"]
[Round "8"]
[White "Laketic, Gojko"]
[Black "Prakken, Gerrit"]
[Result "1-0"]
[WhiteElo "2442"]
[BlackElo "2212"]
[PlyCount "79"]
[EventDate "2011.05.21"]
[EventType "swiss"]
[EventRounds "9"]
[EventCountry "ITA"]
[SourceTitle "CBM 142 Extra"]
[Source "ChessBase"]
[SourceDate "2011.06.27"]
[SourceVersion "1"]
[SourceVersionDate "2011.06.27"]
[SourceQuality "1"]

1. Nf3 d5 2. g3 Nf6 3. Bg2 e6 4. 0-0 Be7 5. d3 c5 6. Nbd2 Nc6 7. e4 Qc7 8. Re1 b6 9. Nf1 dxe4 10. dxe4 Bb7 11. c3 Rd8 12. Qe2 h6 13. e5 Nh7 14. h4 Qd7 15. Qc4 0-0 16. Qg4 Kh8 17. Bf4 Ba6 18. Rad1 Qc8 19. Rxd8 Rxd8 20. N3h2 Bf8 21. Nd2 Ne7 22. Ne4 Nf5 23. Qh3 h5 24. Bf3 g6 25. g4 Ng7 26. gxh5 gxh5 27. Nf6 Bb7 28. Qg2 Bxf3 29. Qxf3 c4 30. Nxh7 Kxh7 31. Bg5 Rd3 32. Qxf7 Bc5 33. Nf3 Qf8 34. Qxf8 Bxf8 35. Be3 Bc5 36. Ng5+ Kg6 37. Bxc5 bxc5 38. Re4 Rd2 39. Rf4 Nf5 40. Nxe6 1-0

[Event "Otranto op 1st"]
[Site "Otranto"]
[Date "2011.05.23"]
[Round "3"]
[White "Codenotti, Marco"]
[Black "Prakken, Gerrit"]
[Result "1-0"]
[WhiteElo "2284"]
[BlackElo "2212"]
[PlyCount "69"]
[EventDate "2011.05.21"]
[EventType "swiss"]
[EventRounds "9"]
[EventCountry "ITA"]
[SourceTitle "CBM 142 Extra"]
[Source "ChessBase"]
[SourceDate "2011.06.27"]
[SourceVersion "1"]
[SourceVersionDate "2011.06.27"]
[SourceQuality "1"]

1. e4 e5 2. Nf3 Nc6 3. Bb5 a6 4. Ba4 Nf6 5. 0-0 Bc5 6. c3 b5 7. Bb3 d6 8. d4 Bb6 9. Be3 0-0 10. Nbd2 Bb7 11. Re1 Rb8 12. a3 h6 13. h3 Re8 14. Bc2 Na7 15. Qb1 c5 16. d5 Nc8 17. c4 b4 18. Ba4 Re7 19. axb4 cxb4 20. c5 Bxc5 21. Bxc5 dxc5 22. Qc2 Nd6 23. Qxc5 Rc7 24. Qa5 Nfxe4 25. Nxe4 Nxe4 26. Bc6 Bxc6 27. dxc6 Ng5 28. Nxe5 Rb5 29. Qxa6 Nxh3+ 30. gxh3 Qg5+ 31. Ng4 h5 32. f4 Qxf4 33. Qxb5 Qg3+ 34. Kh1 Qf3+ 35. Kh2 1-0

[Event "Arctic Chess Challenge"]
[Site "Tromsoe"]
[Date "2010.08.08"]
[Round "9"]
[White "Burmakin, Vladimir"]
[Black "Prakken, Gerrit"]
[Result "1-0"]
[WhiteElo "2605"]
[BlackElo "2194"]
[PlyCount "43"]
[EventDate "2010.07.31"]
[EventType "swiss"]
[EventRounds "9"]
[EventCountry "NOR"]
[SourceTitle "CBM 137 Extra"]
[Source "ChessBase"]
[SourceDate "2010.09.01"]
[SourceVersion "1"]
[SourceVersionDate "2010.09.01"]
[SourceQuality "1"]

1. Nf3 Nf6 2. c4 c6 3. d4 d5 4. Qb3 e6 5. Bg5 Nbd7 6. Nc3 Be7 7. e3 0-0 8. Rc1 a6 9. a4 Ne4 10. Bxe7 Qxe7 11. Be2 b6 12. 0-0 Bb7 13. a5 b5 14. Nxe4 dxe4 15. Nd2 e5 16. cxb5 cxb5 17. Rc7 Ra7 18. Qa3 Qe6 19. Nb3 exd4 20. Nxd4 Qd5 21. Rd1 Rd8 22. Nb3 1-0

[Event "Arctic Chess Challenge"]
[Site "Tromsoe"]
[Date "2010.08.04"]
[Round "5"]
[White "Solomon, Kenny"]
[Black "Prakken, Gerrit"]
[Result "1-0"]
[WhiteElo "2383"]
[BlackElo "2194"]
[PlyCount "81"]
[EventDate "2010.07.31"]
[EventType "swiss"]
[EventRounds "9"]
[EventCountry "NOR"]
[SourceTitle "CBM 137 Extra"]
[Source "ChessBase"]
[SourceDate "2010.09.01"]
[SourceVersion "1"]
[SourceVersionDate "2010.09.01"]
[SourceQuality "1"]

1. d4 d5 2. Nf3 e6 3. c4 c6 4. Nbd2 Nf6 5. g3 Be7 6. Bg2 0-0 7. 0-0 Nbd7 8. Qc2 b6 9. e4 Bb7 10. e5 Ne8 11. cxd5 cxd5 12. Re1 a5 13. h4 Rc8 14. Qd3 h6 15. Nf1 Nc7 16. N1h2 Ba6 17. Qe3 a4 18. Bd2 a3 19. bxa3 Bc4 20. Bb4 Ra8 21. Nd2 b5 22. Nb3 Nb8 23. Na5 Qd7 24. Rec1 Ra7 25. Ng4 Nca6 26. Bd2 Rc8 27. Qf3 Qd8 28. Nxc4 bxc4 29. Bxh6 gxh6 30. Nxh6+ Kg7 31. Qxf7+ Kxh6 32. Qxe6+ Kg7 33. Bxd5 Bxa3 34. Rxc4 Rxc4 35. Bxc4 Nb4 36. Rd1 N8c6 37. d5 Na5 38. Bb5 Nxa2 39. Rd4 Bc1 40. Rg4+ Kh8 41. Be8 1-0

[Event "Arctic Chess Challenge"]
[Site "Tromsoe"]
[Date "2010.08.03"]
[Round "4"]
[White "Prakken, Gerrit"]
[Black "Jalloul, Maya M"]
[Result "1-0"]
[WhiteElo "2194"]
[BlackElo "1894"]
[PlyCount "37"]
[EventDate "2010.07.31"]
[EventType "swiss"]
[EventRounds "9"]
[EventCountry "NOR"]
[SourceTitle "CBM 137 Extra"]
[Source "ChessBase"]
[SourceDate "2010.09.01"]
[SourceVersion "1"]
[SourceVersionDate "2010.09.01"]
[SourceQuality "1"]

1. d4 Nf6 2. Nf3 g6 3. c4 Bg7 4. g3 d6 5. Bg2 0-0 6. 0-0 Nbd7 7. Nc3 e5 8. e4 a5 9. h3 Ne8 10. Re1 c6 11. Be3 h6 12. dxe5 Qe7 13. exd6 Nxd6 14. Qd3 Re8 15. Bf4 Ne5 16. Nxe5 Bxe5 17. Red1 Rd8 18. c5 Bxf4 19. gxf4 1-0

[Event "Arctic Chess Challenge"]
[Site "Tromsoe"]
[Date "2010.08.02"]
[Round "3"]
[White "Goetzee, Rick W"]
[Black "Prakken, Gerrit"]
[Result "1/2-1/2"]
[WhiteElo "1953"]
[BlackElo "2194"]
[PlyCount "52"]
[EventDate "2010.07.31"]
[EventType "swiss"]
[EventRounds "9"]
[EventCountry "NOR"]
[SourceTitle "CBM 137 Extra"]
[Source "ChessBase"]
[SourceDate "2010.09.01"]
[SourceVersion "1"]
[SourceVersionDate "2010.09.01"]
[SourceQuality "1"]

1. d4 d5 2. c4 e6 3. Nc3 c5 4. cxd5 exd5 5. Nf3 Nc6 6. g3 Nf6 7. Bg2 Be7 8. 0-0 0-0 9. Bg5 cxd4 10. Nxd4 h6 11. Be3 Re8 12. Qd2 Bb4 13. a3 Ba5 14. b4 Bb6 15. h3 Ne5 16. Nc2 Bf5 17. Bxb6 Qxb6 18. Nd4 Ne4 19. Nxe4 Bxe4 20. Bxe4 dxe4 21. Kg2 Rad8 22. Rfd1 Nc6 23. e3 Rd5 24. Qc3 Red8 25. Nxc6 Rxd1 26. Nxd8 Rxd8 1/2-1/2

[Event "Arctic Chess Challenge"]
[Site "Tromsoe"]
[Date "2010.08.01"]
[Round "2"]
[White "Prakken, Gerrit"]
[Black "Lindberg, Bengt"]
[Result "0-1"]
[WhiteElo "2194"]
[BlackElo "2413"]
[PlyCount "64"]
[EventDate "2010.07.31"]
[EventType "swiss"]
[EventRounds "9"]
[EventCountry "NOR"]
[SourceTitle "CBM 137 Extra"]
[Source "ChessBase"]
[SourceDate "2010.09.01"]
[SourceVersion "1"]
[SourceVersionDate "2010.09.01"]
[SourceQuality "1"]

1. Nf3 Nf6 2. c4 c5 3. g3 b6 4. Bg2 Bb7 5. 0-0 e6 6. Nc3 Be7 7. b3 0-0 8. Bb2 d6 9. e3 a6 10. d4 Qc7 11. Rc1 Re8 12. d5 exd5 13. Nxd5 Nxd5 14. cxd5 b5 15. e4 Nd7 16. Nh4 Bf6 17. Bxf6 Nxf6 18. Qd3 g6 19. h3 Qa5 20. f4 Rad8 21. Rc2 Qb4 22. Re2 c4 23. bxc4 Qc5+ 24. Kh2 bxc4 25. Qc2 a5 26. Rf3 Ba6 27. Rc3 Re7 28. Bf3 Rde8 29. g4 Nxd5 30. Nf5 gxf5 31. gxf5 Nxf4 32. e5 Nxe2 0-1

[Event "Vaujany op 1st"]
[Site "Vaujany"]
[Date "2010.07.11"]
[Round "2"]
[White "Prakken, Gerrit"]
[Black "Das, Arghyadip"]
[Result "1/2-1/2"]
[WhiteElo "2194"]
[BlackElo "2486"]
[PlyCount "49"]
[EventDate "2010.07.10"]
[EventType "swiss"]
[EventRounds "9"]
[EventCountry "FRA"]
[SourceTitle "CBM 137 Extra"]
[Source "ChessBase"]
[SourceDate "2010.09.01"]
[SourceVersion "1"]
[SourceVersionDate "2010.09.01"]
[SourceQuality "1"]

1. Nf3 d5 2. c4 e6 3. g3 c6 4. Qc2 Nf6 5. d4 Be7 6. Bg2 0-0 7. 0-0 b6 8. b3 Bb7 9. Nc3 Nbd7 10. Rd1 Rc8 11. e4 Ba6 12. e5 Ne8 13. Bf1 Nc7 14. Bd3 h6 15. Bf4 Bb7 16. cxd5 Nxd5 17. Nxd5 cxd5 18. Qd2 g5 19. Be3 f6 20. exf6 Bxf6 21. Rac1 Qe7 22. Rxc8 Rxc8 23. Rc1 Rxc1+ 24. Qxc1 Qd8 25. Qa3 1/2-1/2

[Event "Rohde op 09th"]
[Site "Sautron"]
[Date "2009.10.27"]
[Round "5"]
[White "Gharamian, Tigran"]
[Black "Prakken, Gerrit"]
[Result "1-0"]
[WhiteElo "2611"]
[BlackElo "2156"]
[PlyCount "71"]
[EventDate "2009.10.24"]
[EventType "swiss"]
[EventRounds "9"]
[EventCountry "FRA"]
[SourceTitle "EXT 2010"]
[Source "ChessBase"]
[SourceDate "2010.11.25"]
[SourceVersion "1"]
[SourceVersionDate "2010.11.25"]
[SourceQuality "1"]

1. c4 e5 2. Nc3 d6 3. Nf3 f5 4. d4 e4 5. Nd2 Nf6 6. e3 g6 7. Be2 Bg7 8. b4 0-0 9. 0-0 c6 10. Nb3 Nbd7 11. a4 g5 12. Ra2 Rf7 13. f3 d5 14. b5 Nf8 15. bxc6 bxc6 16. cxd5 cxd5 17. fxe4 fxe4 18. Ba3 Ng6 19. Nb5 Ne8 20. Rxf7 Kxf7 21. Nc5 Kg8 22. Qe1 a6 23. Nc3 Ra7 24. Rb2 Ne7 25. Bd1 Kh8 26. Qg3 Nf5 27. Qb8 Rf7 28. Rf2 Nf6 29. Rxf5 Nd7 30. Nxd7 Rxf5 31. Nb6 Bf8 32. Bxf8 Qxf8 33. Be2 Qa3 34. Qxc8+ Rf8 35. Qc5 Qc1+ 36. Nd1 1-0

[Event "Arctic Chess Challenge"]
[Site "Tromsoe"]
[Date "2009.08.09"]
[Round "9"]
[White "Haarr, Jon Kristian"]
[Black "Prakken, Gerrit"]
[Result "1-0"]
[WhiteElo "2110"]
[BlackElo "2168"]
[PlyCount "91"]
[EventDate "2009.08.01"]
[EventType "swiss"]
[EventRounds "9"]
[EventCountry "NOR"]
[SourceTitle "CBM 131 Extra"]
[Source "ChessBase"]
[SourceDate "2009.09.03"]
[SourceVersion "2"]
[SourceVersionDate "2009.09.16"]
[SourceQuality "1"]

1. e4 e5 2. f4 exf4 3. Bc4 Nf6 4. Nc3 Bb4 5. Nf3 0-0 6. 0-0 Nxe4 7. Nd5 c6 8. Nxb4 Qb6+ 9. d4 Qxb4 10. Bd3 d5 11. Bxf4 Nd7 12. Bxe4 dxe4 13. Ng5 Nf6 14. c3 Qe7 15. Qe1 h6 16. Nf3 Re8 17. Ne5 Nd5 18. Qg3 Nxf4 19. Qxf4 f6 20. Nc4 f5 21. Ne5 Be6 22. g4 fxg4 23. Qxe4 Qg5 24. a3 g3 25. hxg3 Qxg3+ 26. Qg2 Qe3+ 27. Qf2 Qg5+ 28. Qg2 Qxg2+ 29. Kxg2 Rf8 30. Ng6 Rxf1 31. Rxf1 Re8 32. Ne5 Bd5+ 33. Kg3 c5 34. Rc1 b6 35. b4 cxd4 36. cxd4 Re7 37. Kf4 Kh7 38. Rc8 Bb7 39. Rd8 Rc7 40. d5 Rc3 41. d6 Bc8 42. a4 g5+ 43. Ke4 Be6 44. d7 Bxd7 45. Rxd7+ Kg8 46. Kf5 1-0

[Event "Arctic Chess Challenge"]
[Site "Tromsoe"]
[Date "2009.08.04"]
[Round "4"]
[White "Prakken, Gerrit"]
[Black "Taube, Gregor"]
[Result "1-0"]
[WhiteElo "2168"]
[BlackElo "1835"]
[PlyCount "110"]
[EventDate "2009.08.01"]
[EventType "swiss"]
[EventRounds "9"]
[EventCountry "NOR"]
[SourceTitle "CBM 131 Extra"]
[Source "ChessBase"]
[SourceDate "2009.09.03"]
[SourceVersion "2"]
[SourceVersionDate "2009.09.16"]
[SourceQuality "1"]

1. Nf3 Nf6 2. c4 g6 3. g3 Bg7 4. Bg2 0-0 5. 0-0 c5 6. d4 cxd4 7. Nxd4 Nc6 8. Nc3 Qb6 9. Nb3 d6 10. Bd2 Ne5 11. c5 dxc5 12. Na4 Qd6 13. Naxc5 Rb8 14. Bc3 b6 15. Qxd6 exd6 16. Ne4 Nxe4 17. Bxe4 Bb7 18. Bxb7 Rxb7 19. Rad1 Rd7 20. Nd4 Nc4 21. b3 Ne5 22. Rc1 Rc8 23. Bb4 Rxc1 24. Rxc1 Bf8 25. Rc8 Kg7 26. h3 g5 27. g4 Ng6 28. e3 f6 29. Kg2 Kf7 30. Kf3 d5 31. Bxf8 Nxf8 32. Ke2 Ne6 33. Nf5 Rc7 34. Rxc7+ Nxc7 35. Kd3 Ke6 36. h4 Ke5 37. hxg5 fxg5 38. Nd4 Kd6 39. f4 h6 40. Nf5+ Kc5 41. Nxh6 gxf4 42. exf4 Kd6 43. Nf5+ Ke6 44. Nd4+ Kf6 45. Ke3 a5 46. Kf3 b5 47. g5+ Kg7 48. f5 a4 49. Kf4 axb3 50. axb3 Na6 51. Ke5 Nc5 52. Kxd5 Nd3 53. Nxb5 Kf8 54. Kd6 Nb4 55. Nd4 Kg7 1-0

[Event "Gjovik op"]
[Site "Gjovik"]
[Date "2009.01.06"]
[Round "8"]
[White "Getz, Nicolai"]
[Black "Prakken, Gerrit"]
[Result "1-0"]
[WhiteElo "2176"]
[BlackElo "2206"]
[PlyCount "67"]
[EventDate "2008.12.29"]
[EventType "swiss"]
[EventRounds "9"]
[EventCountry "NOR"]
[SourceTitle "CBM 130 Extra"]
[Source "ChessBase"]
[SourceDate "2009.07.02"]
[SourceVersion "2"]
[SourceVersionDate "2009.07.15"]
[SourceQuality "1"]

1. e4 e5 2. Nf3 Nc6 3. Bc4 Nf6 4. d3 Be7 5. Bb3 0-0 6. 0-0 d6 7. c3 Na5 8. Bc2 c5 9. Nbd2 Nc6 10. Re1 Be6 11. Nf1 Qc7 12. Ng3 Rad8 13. Qe2 b5 14. h3 b4 15. Ng5 Bd7 16. f4 bxc3 17. bxc3 Qa5 18. fxe5 dxe5 19. Bd2 h6 20. Nf3 Be6 21. Nf5 Bxf5 22. exf5 Bd6 23. Bb3 Qc7 24. Nh2 Be7 25. Ng4 Kh7 26. Nxe5 Nxe5 27. Qxe5 Bd6 28. Qe2 Bf4 29. Bxf4 Qxf4 30. Qe5 Qg5 31. Qxc5 Rxd3 32. Qxf8 Rd2 33. Qa8 Nh5 34. Bxf7 1-0

[Event "Gjovik op"]
[Site "Gjovik"]
[Date "2009.01.05"]
[Round "7"]
[White "Tofte, Sondre Waage"]
[Black "Prakken, Gerrit"]
[Result "1/2-1/2"]
[WhiteElo "2120"]
[BlackElo "2206"]
[PlyCount "94"]
[EventDate "2008.12.29"]
[EventType "swiss"]
[EventRounds "9"]
[EventCountry "NOR"]
[SourceTitle "CBM 130 Extra"]
[Source "ChessBase"]
[SourceDate "2009.07.02"]
[SourceVersion "2"]
[SourceVersionDate "2009.07.15"]
[SourceQuality "1"]

1. e4 e5 2. Nf3 Nc6 3. Bb5 a6 4. Ba4 Nf6 5. 0-0 b5 6. Bb3 Bb7 7. Re1 Bc5 8. c3 d6 9. d4 Bb6 10. a4 h6 11. h3 0-0 12. Be3 exd4 13. cxd4 Na5 14. d5 Bxe3 15. Rxe3 Re8 16. Nbd2 Nxb3 17. Qxb3 c6 18. dxc6 Bxc6 19. axb5 axb5 20. Rae1 Ra4 21. Qc3 Qb6 22. b3 Ra2 23. Nd4 Bd7 24. Nf5 Bxf5 25. exf5 Rxe3 26. Rxe3 Qc5 27. Qxc5 dxc5 28. Rd3 Kf8 29. f3 Ke7 30. Kf2 c4 31. bxc4 bxc4 32. Re3+ Kd6 33. Ke1 Kd5 34. Re7 Kd4 35. g4 c3 36. Nb3+ Kc4 37. Nc1 Ra1 38. Kd1 Nd5 39. Rxf7 Nb4 40. Rxg7 Na2 41. Rc7+ Kd4 42. Kc2 Nxc1 43. f6 Ne2 44. f7 Rc1+ 45. Kb3 Rb1+ 46. Kc2 Rc1+ 47. Kb3 Rb1+ 1/2-1/2

[Event "Gjovik op"]
[Site "Gjovik"]
[Date "2009.01.04"]
[Round "6"]
[White "Prakken, Gerrit"]
[Black "Sorgjerd, Jan"]
[Result "1/2-1/2"]
[WhiteElo "2206"]
[BlackElo "2123"]
[PlyCount "113"]
[EventDate "2008.12.29"]
[EventType "swiss"]
[EventRounds "9"]
[EventCountry "NOR"]
[SourceTitle "CBM 130 Extra"]
[Source "ChessBase"]
[SourceDate "2009.07.02"]
[SourceVersion "2"]
[SourceVersionDate "2009.07.15"]
[SourceQuality "1"]

1. d4 d5 2. c4 c6 3. Nc3 Nf6 4. e3 e6 5. Nf3 Nbd7 6. Bd3 dxc4 7. Bxc4 b5 8. Be2 Bb7 9. 0-0 a6 10. e4 c5 11. e5 cxd4 12. Qxd4 Bc5 13. Qf4 Nd5 14. Nxd5 Bxd5 15. Ng5 f5 16. a4 Rb8 17. axb5 axb5 18. b4 Be7 19. Ra6 Rb6 20. Rxb6 Qxb6 21. Be3 Qb8 22. Qh4 g6 23. Qd4 0-0 24. Bf3 Qxe5 25. Bxd5 Qxd5 26. Qxd5 exd5 27. Ne6 Rc8 28. g3 Bxb4 29. Rd1 Nf6 30. Bd4 Be7 31. Bxf6 Bxf6 32. Rxd5 Rc1+ 33. Kg2 b4 34. Rb5 Kf7 35. Nf4 Rc4 36. h4 Bd4 37. h5 Rc2 38. hxg6+ hxg6 39. Nd3 Rd2 40. Nxb4 Rxf2+ 41. Kh3 g5 42. Nd5 Kg7 43. Ra5 Kh6 44. g4 Rf3+ 45. Kg2 fxg4 46. Ra4 Rd3 47. Ra6+ Kh5 48. Nf6+ Kh4 49. Ne4 g3 50. Rg6 Re3 51. Nxg5 Re2+ 52. Kf3 Rf2+ 53. Ke4 Kh5 54. Rg8 g2 55. Nh3 Rd2 56. Rxg2 Rxg2 57. Nf4+ 1/2-1/2